Paroles - Ces gens-là - Jacques Brel - Statistiques

Statistiques générales
  • Ce quiz a été pris 1 319 fois
  • Le résultat moyen est 363 sur 498
Statistiques - réponses
Réponse % Correct
a
99%
à
99%
la
99%
un
97%
y
97%
et
96%
Et
96%
que
96%
Que
96%
qui
96%
Qui
96%
comme
95%
me
95%
de
94%
ces
93%
y'a
93%
Y'a
93%
le
92%
gens
91%
On
91%
on
91%
pas
91%
se
91%
puis
90%
qu'est
90%
Qu'est
90%
sa
90%
Monsieur
88%
qu'a
88%
Qu'a
88%
une
88%
chez
87%
D'abord
87%
les
87%
Les
87%
son
87%
il
86%
Il
86%
mais
86%
Mais
86%
au
85%
avec
85%
Avec
85%
belle
83%
fait
83%
ou
83%
Ou
83%
ses
83%
ça
82%
du
82%
l'aîné
82%
sou
82%
plus
81%
qu'il
81%
des
80%
gros
80%
peut
80%
Frida
79%
nez
79%
tout
79%
gens-là
78%
jamais
78%
lui
78%
Lui
78%
pour
78%
Pour
78%
qu'on
78%
Qu'on
78%
Faut
77%
faut
77%
melon
77%
rien
77%
soleil
76%
en
75%
boit
74%
bu
74%
dans
74%
Même
74%
même
74%
nom
74%
autre
73%
dix
73%
doigts
73%
tellement
73%
c'est
72%
C'est
72%
J'ai
72%
j'ai
72%
moi
72%
sait
72%
est
71%
quand
70%
dire
69%
n'en
69%
vous
69%
bien
68%
matin
68%
vu
68%
toute
67%
vin
66%
Enfin
65%
m'aime
65%
pareil
65%
qu'elle
65%
d'une
64%
j'aime
64%
blanc
63%
cierge
63%
complètement
63%
mauvais
63%
Pâques
63%
petit
63%
autres
62%
retrouve
62%
elle
61%
Elle
61%
pauvres
61%
Raide
61%
teigne
61%
vieille
61%
bon
60%
cuit
60%
fille
60%
fini
60%
peigne
60%
petite
60%
ville
60%
l'église
59%
maison
59%
méchant
59%
nuits
59%
auto
58%
chats
58%
dit
58%
marié
58%
n'a
58%
roi
58%
roupille
58%
si
58%
cheveux
57%
je
57%
père
57%
toutes
57%
Denise
56%
manteau
56%
prie
56%
saillie
56%
fenêtres
55%
l'air
55%
l'autre
55%
murs
55%
presque
55%
soupe
55%
s'prend
55%
tué
55%
aura
54%
carottes
54%
crève
54%
jouer
54%
riches
54%
ils
53%
saoule
53%
attend
52%
chapeau
52%
heureux
52%
mort
52%
s'en
52%
avoir
51%
balbutie
51%
l'oseille
51%
mère
51%
tas
51%
être
50%
froide
50%
mains
50%
sûr
50%
affaires
49%
alors
49%
Alors
49%
chemise
49%
divague
49%
glissade
49%
l'oeil
49%
longtemps
49%
trop
49%
compte
48%
moustache
48%
bois
47%
grands
47%
regarde
47%
soir
47%
petites
46%
suis
46%
vibrer
46%
disent
45%
fera
45%
finit
45%
juste
45%
peut-être
45%
Qu'aimerait
45%
qu'en
45%
racontent
45%
souvent
45%
triche
45%
troupeau
45%
donnerait
44%
veulent
44%
cadre
43%
qu'c'est
43%
quoi
43%
vivra
43%
dedans
42%
égorger
42%
oublié
42%
parce
41%
Parce
41%
Sous
41%
n'importe
40%
sentaient
40%
c'que
39%
n'dit
39%
bouffer
38%
gueule
38%
d'apôtre
37%
n'pense
37%
n'écoute
35%
va
35%
rentre
34%
tard
34%
n'vit
31%
voit
31%
instant
30%
crois
29%
instant
29%
n'cause
28%
qu'je
28%
seulement
28%
partira
27%
suivra
27%
yeux
26%
exprès
24%
Semblant
22%
mouillants
21%
Parfois
18%
Aucun quiz correspondant
Distribution des résultats
% des personnes avec chaque résultat
Percentile par nombre de réponses
Votre historique - résultats
Vous n’avez pas pris ce quiz